01179 2200205 4500001002100000005001500021008004100036020001800077035001900095041000700114082001100121090001700132100002500149700001100174245005600185250001000241260003700251300003000288500065500318INLIS00000000000306120220725120842220725||||||||| | ||| |||| || |  a979-006-008-4 0010-0722003061 aid0 a615.32 a615.32 Dew t0 aSITANGGANG, Maloedyn0 aDEWANI00aTerapi Jus dan 38 Ramuan Tradisional untuk Diabetes aCet.1 aJakartabAgromedia Pustakac2006 aiv, 96 hlm.; ilus.; 23 cm aPenderita diabetes sangat bijaksan jjikamelakukan pengobatan sedini dan sebaik mungkin. Karena sangat erta kaitannya dengan sifat penyakitnya yang berlangsung kronik progesif, yakni berkembang lambat tetapi tidak pernah berhenti seumur hidup. Kenaikan kadar gula darah menyebabkan penyempitan seluruh pembuluh darah yang mengakibatkan organ-organ tubuh menjadi layu dan fungsinya mengalami kemunduran. Pada akhirnya, akan mengalami kerusakan total. Komplikasi diabetes sangat luas, tetapi penderita tidak usah berkecil hati atau pesimis. Pengobatan diabetes yang dilakukan sedini dan seefektif mungkin dapat menghindarkannya dari berbagai komplikasi.